| 000 | 00897nam a2200253Ia 4500 | ||
|---|---|---|---|
| 003 | GCL | ||
| 008 | 140319s9999 xx 000 0 ara d | ||
| 020 | _a7204322977 | ||
| 040 |
_aGCL / _cGCL |
||
| 082 | 0 | 4 |
_aق _b273.292 _bف هـ |
| 100 | 1 | _aقاسم عبده قاسم | |
| 245 | 1 | 0 |
_aالهروب الى مصر : _bرحلة العائلة المقدسة / _cقاسم عبده قاسم |
| 700 | 1 | _aفالنسى، لوسيت | |
| 700 | 1 | _aهدى رؤول خزام | |
| 250 | _aالاولى | ||
| 260 |
_aالقاهرة : _bعين للدراسات والبحوث الانسانية والاجتماعية ، _c2007 |
||
| 300 |
_a331 ص ؛ _c24 سم |
||
| 650 | 0 | 4 | _aالعائلة المقدسة |
| 650 | 0 | 4 | _aالمسيح - الطفولة |
| 650 | 0 | 4 | _aالمسيح - حياته |
| 650 | 0 | 4 | _aالمسيح - المعجزات |
| 650 | 0 | 4 | _aالمسيح فى الفن |
| 942 |
_2ddc _cBK |
||
| 999 |
_c9693 _d9693 |
||